000 00315nam a22001217a 4500
999 _c515980
_d515980
082 _aTNC A99 B851
100 _aBuch, M. N.
_922262
245 _aWhen the harvest moon is blue
_cM. N. Buch
260 _aNew Delhi
_bHar- Anand
_c2008
300 _a292p.
650 _aBuch, M. N.
_923449
650 _a1934 - 2015
_923450